Nadšenci na lyžiach po stopách histórie mesta a firmy

Bibliographic Details
Main Author: Jurčák, M. (Author)
Format: Article
Language:Slovak
Subjects:

MARC

LEADER 00000nab a2200000 a 4500
001 vtls010087337
003 SK-MaSNL
005 20260304173432.0
008 100421 2010 xo m n 000 0 slo
038 |a PPPK 
040 |a PPPKCL  |b slo  |c PPPKCL  |e AACR2 
041 |a slo 
044 |a xo  |c SK 
080 |a 796.92  |2 2001 
100 1 |a Jurčák, M.  |4 aut  |9 1062860 
245 1 0 |a Nadšenci na lyžiach  |b po stopách histórie mesta a firmy  |c [text a foto] M. Jurčák 
300 |b Fotogr. 
500 |a Článok je spracovaný z publikácie M. Jurčáka Svit - história jednej myšlienky. 
610 2 7 |a Chemosvit (Svit, Slovensko)  |2 pppkcl  |9 269229 
650 0 7 |a lyžovanie  |2 pppkcl  |9 3256 
650 0 7 |a beh na lyžiach  |2 pppkcl  |9 3259 
650 0 7 |a dejiny lyžovania  |2 pppkcl  |9 706075 
651 7 |a Svit (Slovensko)  |2 pppkcl  |9 29648 
773 0 |t Chemosvit  |g Roč. 36, č. 2 (2010), s. 14 
852 |a PPPK  |b KIS3GCP 
999 |c 3003284  |d 3005214